000 01063nam a2200229Ia 4500
003 Ost
005 20260507075539.0
008 260507s9999||||xx |||||||||||||| ||und||
020 _a9957120476
040 _cfsecg
041 _aara
082 _a301.31
100 _aمخلف، عارف صالح
_eمؤلف
245 0 _aالإدارة البيئية :
_bالحماية الإدارية للبيئة /
_c عارف صالح مخلف
260 _aعمان:
_bدار اليازوري العلمية للنشر والتوزيع,
_c2007
300 _a432 صفحة؛
_bإيضاحات ؛
_c24 سم
520 _aيضم فصل تمهيدي للبيئة ومشكلاتها، مدلول الحماية الإدارية للبيئة أساسها وصورها، ضمانات إحترام القواعد القانونية المقررة لحماية البيئة، مسؤولية الإدارة عن الإخلال بواجب حماية البيئة
653 _aالإدارة
653 _aالبيئة
653 _aحماية البيئة
942 _cكتاب
999 _c44856
_d44856